Jakubko

Bibliographic Details
Main Author: Zelinová, Hana, 1914-2004 (Author)
Other Authors: Machaj, Vladimír, 1929-2016 (Illustrator), Klátik, Zlatko, 1922-1990 (Author of afterword, colophon, etc.)
Format: Book
Language:Slovak
PhysicalDescription:73, [2] s. il. 21 cm
Published: Bratislava Mladé letá 1966
Edition:3. vyd.
Series:Klub mladých čitateľov
Subjects:

MARC

LEADER 00000cam a2200000 a 4500
001 vtls008359397
003 SK-MaSNL
005 20260301075304.0
008 230403s1966 xo a b 000 j slo
015 |a SNBA1966/10-01888 
020 |q (viaz.) 
035 |a SK01SNK19660051614 
035 |a urn:nbn:sk:snk-amtgkd 
035 |a urn:nbn:sk:snk-am00c1oc 
035 |a EBC54B2D-EB33-4B17-A74B-F334E4769056 
035 |a SKM000054077 
040 |a SNK  |b slo  |c SNK  |e AACR2 
041 0 |a slo 
044 |a xo  |c SK 
072 7 |a 821.162.4-3  |x Slovenská próza  |2 konspekt 
072 7 |a 821-93  |x Literatúra pre deti a mládež (beletria)  |2 konspekt 
080 |a 821.162.4-3  |2 2011 
080 |a 82-93  |2 2011 
100 1 |a Zelinová, Hana,  |d 1914-2004  |4 aut  |9 101300 
245 1 0 |a Jakubko  |c Hana Zelinová ; ilustroval Vladimír Machaj 
250 |a 3. vyd. 
260 |a Bratislava  |b Mladé letá  |c 1966  |e Martin  |f Tlačiarne SNP 
300 |a 73, [2] s.  |b il.  |c 21 cm 
366 |e 20000 výtl. 
490 1 |a Klub mladých čitateľov 
500 |a Frontispice. Len pre členov KMČ 
655 7 |a slovenské prózy  |2 SNKPH  |9 70229 
655 7 |a literatúra pre deti a mládež  |2 SNKPH  |9 189378 
655 7 |a Slovak prose  |2 SNKPHeng  |9 278617 
655 7 |a Children's and juvenile literature  |2 SNKPHeng  |9 212725 
700 1 |a Machaj, Vladimír,  |d 1929-2016  |4 ill  |9 117940 
700 1 |a Klátik, Zlatko,  |d 1922-1990  |4 aft  |9 105447 
830 0 |a Klub mladých čitateľov  |9 276979 
852 |a Slovenská národná knižnica 
954 |a beletria pôvodná (slovenská)  |2 lita 
958 |a EUIPO 
958 |a OND 
958 |a TL 
958 |a RK 
958 |a DB 
958 |a LX 
999 |c 649727  |d 651657 
952 |a SNK  |b SNK  |y PREZ  |7 0  |o snkSD 29881 D1  |0 0  |1 0  |4 0  |d 2013-09-12  |l 0  |r 2026-02-23 18:19:00  |w 2026-02-23 
952 |a SNK  |b SNK  |y PREZ  |7 0  |p 17A1185876  |o snkSD 29881  |i snkKSP 6485/66  |0 0  |1 0  |4 0  |d 2013-09-12  |f 1  |l 0  |r 2026-02-23 18:19:00  |w 2026-02-23